A megváltozott munkaképességűek foglalkoztatása a szállodaiparban

Bibliographic Details
Main Author: Madocsai Barnabás
Other Authors: Bártfai Endre
Format: Thesis
Kulcsszavak:Turizmus
Szállodaipar
CSR, szállodai
Foglalkoztatás, megváltozott munkaképességű
Szállodalánc, Accor
Online Access:http://dolgozattar.uni-bge.hu/59315

MARC

LEADER 00000nta a2200000 i 4500
001 dolg59315
005 20260109131940.0
008 260108suuuu hu om 000 hun d
040 |a BGE Dolgozattár Repozitórium  |b hun 
041 |a hu 
100 1 |a Madocsai Barnabás 
245 1 2 |a A megváltozott munkaképességűek foglalkoztatása a szállodaiparban  |c Madocsai Barnabás  |h [elektronikus dokumentum] 
246 1 1 |a A megváltozott munkaképességűek foglalkoztatása a szállodaiparban 
695 |a Turizmus 
695 |a Szállodaipar 
695 |a CSR, szállodai 
695 |a Foglalkoztatás, megváltozott munkaképességű 
695 |a Szállodalánc, Accor 
700 1 |a Bártfai Endre  |e ths 
856 4 0 |u http://dolgozattar.uni-bge.hu/59315/1/Madocsai-Barnabas.pdf  |z Dokumentum-elérés